000 00666nam a22002177a 4500
999 _c15040
_d15040
003 AR-CdUCM
008 190425b ||||| |||| 00| 0 spa d
020 _a978-607-400-003-0
040 _aMUNICIPALIDAD PROVINCIAL DEL CUSCO
_cBIBLIOTECA MUNICIPAL DEL CUSCO
082 _aPI / 376.1 /
_bR92
100 _aRueda, Claudia
_933549
245 _aFormas /
260 _aMéxico :
_bOcéano de México,
_c2009.
300 _bilustraciones,
_c20 cm.
650 _aAprendizaje infantil
_933271
650 _aDesarrollo infantil
_925147
650 _aPrimera infancia
_924660
710 _aOcéano Travesía.
_933811
942 _2ddc
_cLIBROS
945 _aachl
_d2019-04-25